[Event "CZE-chT2B 1011"]
[Site "Czech Republic"]
[Date "2010.11.21"]
[Round "3.7"]
[White "Bandas, Lukas"]
[Black "Ondrejat, Miroslav"]
[Result "0-1"]
[WhiteElo "1978"]
[BlackElo "2059"]
[PlyCount "78"]
[EventDate "2010.10.17"]
[EventType "team-tourn"]
[EventRounds "11"]
[EventCountry "CZE"]
[SourceTitle "EXT 2012"]
[Source "ChessBase"]
[SourceDate "2011.11.24"]
[SourceVersion "1"]
[SourceVersionDate "2011.11.24"]
[SourceQuality "1"]
[WhiteTeam "Podborany"]
[BlackTeam "Sokolov"]
[WhiteTeamCountry "CZE"]
[BlackTeamCountry "CZE"]

1. e4 c5 2. Nf3 e6 3. d4 cxd4 4. Nxd4 a6 5. Nc3 Qc7 6. a3 b5 7. Be2 Bb7 8. Bf3 Nf6 9. 0-0 Nc6 10. Nde2 Ne5 11. Ng3 Rc8 12. Be2 d6 13. Be3 Be7 14. Rc1 0-0 15. f4 Nc4 16. Bxc4 Qxc4 17. Qd3 b4 18. axb4 Qxb4 19. Bd4 Rfd8 20. Nce2 e5 21. Bc3 Qc5+ 22. Kh1 d5 23. Nf5 d4 24. Qg3 Nh5 25. Qg4 dxc3 26. fxe5 Kh8 27. Nf4 cxb2 28. Nxh5 Bf8 29. Rce1 Qxe5 30. Nfxg7 Rxc2 31. Rxf7 Rc1 32. Rff1 Bxe4 33. Rxc1 bxc1Q 34. Rxc1 Bg6 35. Qh4 Qd5 36. Rf1 Bxg7 37. Nxg7 Kxg7 38. Qf6+ Kg8 39. Qxa6 Bd3 0-1